000 00339 a2200169 4500
001 188779
020 _a85-319-0101-4
040 _cMagnum
100 _aAzevedo, Álvares de
240 1 0 _aMacário
_lpor
245 1 0 _aMacário
300 _a127
362 0 _a2000
440 1 _aItatiaia
697 _aLITERATURA GERAL
942 _cBK
999 _c188779
_d188779